| 000 | 02533nam a22002777a 4500 | ||
|---|---|---|---|
| 005 | 20240305165637.0 | ||
| 007 | cr|||| |||| | ||
| 008 | 220728s2022 es |||||s|||| 00||0 spa d | ||
| 020 | _a978-84-1122-172-6 | ||
| 035 | _a36483 | ||
| 040 | _avLex | ||
| 090 |
_c13650 _d13650 |
||
| 100 | 1 | _aRuano Espina, Lourdes | |
| 245 | 1 | 0 |
_aIglesia y sociedad civil _h[Recurso electrónico] : _bLa contribución del derecho canónico / _cLourdes Ruano Espina, Carmen Peña |
| 256 | _aServicio en línea | ||
| 260 |
_aMadrid: _bDykinson, _c2022 |
||
| 300 | _a1 recurso electrónico | ||
| 500 | _aLas relaciones entre la Iglesia y la sociedad civil, así como diversas manifestaciones jurídico-canónicas de la vida y actuación eclesial constituyen el objeto de este volumen, en el que se recogen las 40 Jornadas de Actualidad Canónica de la Asociación Española de Canonistas. En el libro, en el que han participado destacados expertos en Derecho Canónico y Derecho Eclesiástico del Estado, académicos, investigadores, jueces eclesiásticos y operadores canónicos, se abordan cuestiones actuales que plantea la realidad social, jurídica y eclesial, como la responsabilidad penal y civil de las personas jurídicas y los titulares de oficios eclesiásticos, las novedades en la regulación de los casos de abusos de menores, el papel de los abogados en los procesos canónicos, los supuestos conflictivos de administración de sacramentos a personas LGTBI, el balance de los 40 años de vigencia de los Acuerdos Iglesia-Estado, o la experiencia del servicio de acompañamiento y mediación intrajudicial canónica en el tribunal eclesiástico. Se incluyen también estudios sobre las Novedades que han tenido lugar el último año en Derecho canónico y en Derecho eclesiástico del Estado, tanto en el ámbito normativo como jurisprudencial. Cierra el volumen una contribución del Sr. Obispo Secretario de la Conferencia Episcopal Española, D. Luis Argüello, sobre la Iglesia española en la sociedad civil. | ||
| 506 | 1 |
_aDisponible solo en los productos indicados _dvLex Global _dvLex Global (Academic Edition, excluding Law Schools) _dvLex Global (U.S. Academic Edition, Law Schools) _dvLex Global (U.S. Academic Edition, excluding Law Schools) _dvLex Global (Academic Edition, Law Schools) |
|
| 650 | 0 | 4 |
_aDerecho Militar _zEspaña |
| 650 | 0 | 4 |
_aFilosofía y religión _zEspaña |
| 700 | 1 | _aPeña, Carmen | |
| 740 | 0 | _avLex Libros (Servicio en línea) | |
| 856 | 4 | 0 | _uhttps://app.vlex.com/#/sources/36483 |
| 942 | _cRAA | ||
| 999 |
_c171886 _d171886 |
||